| 000 | 00627nam a22002057a 4500 | ||
|---|---|---|---|
| 003 | LC | ||
| 005 | 20160611075622.0 | ||
| 008 | 131002t xxu||||| |||| 00| 0 eng d | ||
| 020 | _a978871207111 | ||
| 050 |
_aLB 1025.3 _b.W555 2003 |
||
| 082 |
_aTR 371.2 _b.W55 2003 |
||
| 245 |
_aWhat works in schools : _bfacilitator's guide. |
||
| 260 |
_aAlexandria, VA : _bAssociation for Supervision and Curriculum Development, _cc2003. |
||
| 300 |
_a139 p. : _c28 cm. |
||
| 650 |
_a Academic Achievement. _917179 |
||
| 650 |
_aSchool improvement programs. _922371 |
||
| 650 |
_aTeaching. _973 |
||
| 942 |
_2lcc _cBK |
||
| 999 |
_c12646 _d12646 |
||